000 00299nam a2200121 a 4500
005 20140414132053.0
008 110715s19uu xx 00 eng d
050 _aER
_bS1 2000
100 _aStamper, Judith
245 _aJust in Time!.
260 _aNew York :
_bScholastic,
_c2000.
999 _c114237
_d114237